| 000 | 00826nam a22001937a 4500 | ||
|---|---|---|---|
| 008 | 100622t1977 xxu||||g |||| 000 0 ara d | ||
| 082 |
_222 _a250 _bش ل ت |
||
| 100 |
_915031 _aشلتوت ، محمود |
||
| 245 |
_aالإسلام : _bعقيدة و عمل / _c.محمود شلتوت |
||
| 250 | _aط9. | ||
| 260 |
_aالقاهرة: _bدار الشروق، _c1977. |
||
| 300 |
_a ؛550ص _c26سم. |
||
| 500 | _aإهداء من الدكتور علاء عبد الغنى | ||
| 541 |
_aعلاء عبد الغنى _cإهداء |
||
| 650 |
_915033 _aالفقه الإسلامي |
||
| 650 |
_915034 _aالشريعة الإسلامية |
||
| 942 |
_2ddc _cBB |
||
| 999 |
_c14156 _d14156 |
||